| 000 | 00728nam a22001937a 4500 | ||
|---|---|---|---|
| 003 | OSt | ||
| 005 | 20180116183040.0 | ||
| 008 | 160222b xxu||||| |||| 00| 0 eng d | ||
| 020 | _a05-740-2010-1 | ||
| 024 | _205-740-2010-1 | ||
| 040 | _cLahore University of Management Sciences | ||
| 082 | _a174.4 LUM 2010 | ||
| 100 | _aShezeen Hemani | ||
| 245 |
_aCOOPERATION FOR ADVANCEMENT, REHABILITATION AND EDUCATION (CARE): LEADERSHIP IN A SOCIAL SECTOR ORGANISATION _cShezeen Hemani |
||
| 260 |
_aLahore _bLahore University of Management Sciences _c2010 |
||
| 300 |
_a26 p. _bPapers |
||
| 440 | _aCOOPERATION FOR ADVANCEMENT, REHABILITATION AND EDUCATION (CARE): LEADERSHIP IN A SOCIAL SECTOR ORGANISATION | ||
| 942 |
_2ddc _cCS |
||
| 999 |
_c351192 _d351192 |
||